书目信息 |
| 题名: |
矿冶污染场地治理与生态修复
|
|
| 作者: | 杨志辉 , 杨卫春 , 柴立元 著 | |
| 分册: | ||
| 出版信息: | 北京 龙门书局 2020.9 |
|
| 页数: | 188页 | |
| 开本: | 26cm | |
| 丛书名: | 矿区生态环境修复丛书 | |
| 单 册: | ||
| 中图分类: | X753 | |
| 科图分类: | ||
| 主题词: | 金属矿--场地--环境污染--污染防治 , 金属矿--场地--环境污染--生态恢复 | |
| 电子资源: | ||
| ISBN: | 978-7-5088-5790-9 | |
| 000 | 01460nam0 2200301 45 | |
| 001 | 012001002509 | |
| 005 | 20140914131255.0 | |
| 010 | @a978-7-5088-5790-9@b精装@dCNY159.00 | |
| 100 | @a20201029d2020 em y0chiy50 ea | |
| 101 | 0 | @achi |
| 102 | @aCN@b110000 | |
| 105 | @aa z 000yy | |
| 106 | @ar | |
| 200 | 1 | @a矿冶污染场地治理与生态修复@Akuang ye wu ran chang di zhi li yu sheng tai xiu fu@b专著@f杨志辉,杨卫春,柴立元著 |
| 210 | @a北京@c龙门书局@c科学出版社@d2020.9 | |
| 215 | @a188页@c图@d26cm | |
| 225 | 1 | @a矿区生态环境修复丛书@f干勇,胡振琪,党志主编 |
| 300 | @a国家出版基金项目 | |
| 330 | @a本书围绕重金属污染场地修复的重大需求,针对矿冶场地重金属污染特征及治理技术现状,基于作者多年来的研究成果,系统地介绍矿冶污染场地土壤修复的新理论与技术成果,包括重金属污染场地土壤微生物淋洗修复技术、重金属污染场地土壤化学固定修复技术、砷污染土壤微生物氧化化学固定联合修复技术等。全书共5章,分别为矿冶场地土壤重金属污染特征、矿冶污染场地土壤化学微生物淋洗修复、矿冶污染场地土壤化学固定修复、砷污染土壤微生物氧化化学固定修复和铅锌冶炼污染场地修复工程案例。 | |
| 461 | 0 | @12001 @a矿区生态环境修复丛书@1701 0@a干勇,胡振琪,党志主编 |
| 606 | 0 | @a金属矿@x场地@x环境污染@x污染防治 |
| 606 | 0 | @a金属矿@x场地@x环境污染@x生态恢复 |
| 690 | @aX753@v5 | |
| 701 | 0 | @a杨志辉@Ayang zhi hui@4著 |
| 701 | 0 | @a杨卫春@Ayang wei chun@4著 |
| 701 | 0 | @a柴立元@Achai li yuan@f(1966~)@4著 |
| 801 | 2 | @aCN@bBJSDL@c20211018 |
| 905 | @b1344160-3@dX753@e358@f4 | |
| 矿冶污染场地治理与生态修复/杨志辉,杨卫春,柴立元著.-北京:龙门书局:科学出版社,2020.9 |
| 188页:图;26cm.-(矿区生态环境修复丛书/干勇,胡振琪,党志主编) |
| 国家出版基金项目 |
| ISBN 978-7-5088-5790-9(精装):CNY159.00 |
| 本书围绕重金属污染场地修复的重大需求,针对矿冶场地重金属污染特征及治理技术现状,基于作者多年来的研究成果,系统地介绍矿冶污染场地土壤修复的新理论与技术成果,包括重金属污染场地土壤微生物淋洗修复技术、重金属污染场地土壤化学固定修复技术、砷污染土壤微生物氧化化学固定联合修复技术等。全书共5章,分别为矿冶场地土壤重金属污染特征、矿冶污染场地土壤化学微生物淋洗修复、矿冶污染场地土壤化学固定修复、砷污染土壤微生物氧化化学固定修复和铅锌冶炼污染场地修复工程案例。 |
| ● |
| 相关链接 |
|
|
|
|
正题名:矿冶污染场地治理与生态修复
索取号:X753/358
 
预约/预借
| 序号 | 登录号 | 条形码 | 馆藏地/架位号 | 状态 | 备注 |
| 1 | 1344160 | 213441603 | 第二样本阅览室/ [索取号:X753/358] | 在馆 | |
| 2 | 1344161 | 213441612 | 第三借阅区/ [索取号:X753/358] | 在馆 | |
| 3 | 1344162 | 213441621 | 第三借阅区/ [索取号:X753/358] | 在馆 | |
| 4 | 1344163 | 213441630 | 第三借阅区/ [索取号:X753/358] | 在馆 |